Rýchly audit pri dlhodobom sedení hodnotenie ergonómie práce v kancelárii

Zhodnotenie pracoviska z pohľadu ergonómie.

Gespeichert in:
Bibliographische Detailangaben
1. Verfasser: Smutná, Martina
Weitere Verfasser: Štefánik, Andrej, Hrubaník, Peter
Format: Buchkapitel
Sprache:Slowakisch
Schlagworte:
Tags: Tag hinzufügen
Keine Tags, Fügen Sie das erste Tag hinzu!

MARC

LEADER 00000naa a2200000 4500
001 0177005
005 20231208113701.0
041 0 |a slo 
044 |a SK 
245 1 0 |a Rýchly audit pri dlhodobom sedení  |b hodnotenie ergonómie práce v kancelárii  |c Martina Smutná, Andrej Štefánik, Peter Hrubaník 
520 |a Zhodnotenie pracoviska z pohľadu ergonómie. 
610 2 0 |a ergonómia 
610 2 0 |a hodnotenie pracoviska 
610 2 0 |a hodnotenie fyziologické 
610 2 0 |a vplyvy na prácu 
610 2 0 |a vybavenosť pracoviska 
610 2 0 |a spôsobilosť k práci 
100 1 |a Smutná, Martina 
700 1 |a Štefánik, Andrej 
700 1 |a Hrubaník, Peter